NHL Players A-Z - Statistics

General Stats
  • This quiz has been taken 38 times
  • The average score is 9 of 26
Answer Stats
Teams Position Answer % Correct
A CAR F Sebastian Aho
82%
B NJDSTL G Martin Brodeur
50%
M EDM F Connor McDavid
47%
U BUFBOS OTT G Linus Ullmark
47%
G EDMLAK STL NYR F Wayne Gretzky
44%
O BOSCHI D Bobby Orr
38%
H DETHFD F Gordie Howe
38%
Q LAKVGK NYR G Jonathan Quick
38%
L DET D Nicklas Lidstrom
38%
K TBL F Nikita Kucherov
38%
C MTLCHI DET ATL D Chris Chelios
35%
I CGYPIT BOS COL LAK F Jarome Iginla
35%
J PITWSH NYR PHI DAL BOS NJD FLA CGY F Jaromir Jagr
35%
X MTL D Arber Xhekaj
32%
Z DET F Henrik Zetterberg
32%
T CHI F Jonathan Toews
32%
S QUETOR VAN F Mats Sundin
32%
E CHIBOS NYR F Phil Esposito
32%
Y DET F Steve Yzerman
32%
P MTLNYR STL TOR BOS G Jacques Plante
29%
R MTL F Maurice Richard
29%
N SJSNYI TBL G Evgeni Nabokov
26%
D DETLAK NYR F Marcel Dionne
26%
F HFDPIT CAR TOR F Ron Francis
26%
V CGY DET SJS FLA G Mike Vernon
18%
W NYREDM STL CAR ANA NYI F Doug Weight
9%
No matching quizzes found
Score Distribution
Percent of People with Each Score
Percentile by Number Answered
Your Score History
You have not taken this quiz